Times campeões do Brasileirão (1937-2024)) - Statistics

Estatísticas Gerais
  • Esse quiz foi jogado 323 vezes
    114 desde o último reset
  • A pontuação média é 67 de 69
Estatísticas das Respostas
Hint Resposta % Correto
1960 Palmeiras
99%
1967 Palmeiras
99%
1967 Palmeiras
99%
1969 Palmeiras
99%
1972 Palmeiras
99%
1973 Palmeiras
99%
1993 Palmeiras
99%
1994 Palmeiras
99%
2016 Palmeiras
99%
2018 Palmeiras
99%
2022 Palmeiras
99%
2023 Palmeiras
99%
1937 Atlético Mineiro
98%
1971 Atlético Mineiro
98%
2021 Atlético Mineiro
98%
1968 Botafogo
98%
1995 Botafogo
98%
2024 Botafogo
98%
1990 Corinthians
98%
1998 Corinthians
98%
1999 Corinthians
98%
2005 Corinthians
98%
2011 Corinthians
98%
2015 Corinthians
98%
2017 Corinthians
98%
1980 Flamengo
98%
1982 Flamengo
98%
1983 Flamengo
98%
1992 Flamengo
98%
2009 Flamengo
98%
2019 Flamengo
98%
2020 Flamengo
98%
1961 Santos
98%
1962 Santos
98%
1963 Santos
98%
1964 Santos
98%
1965 Santos
98%
1968 Santos
98%
2002 Santos
98%
2004 Santos
98%
1977 São Paulo
98%
1986 São Paulo
98%
1991 São Paulo
98%
2006 São Paulo
98%
2007 São Paulo
98%
2008 São Paulo
98%
1966 Cruzeiro
96%
2003 Cruzeiro
96%
2013 Cruzeiro
96%
2014 Cruzeiro
96%
1981 Grêmio
96%
1996 Grêmio
96%
1974 Vasco da Gama
96%
1989 Vasco da Gama
96%
1997 Vasco da Gama
96%
2000 Vasco da Gama
96%
1959 Bahia
95%
1988 Bahia
95%
1970 Fluminense
95%
1984 Fluminense
95%
2010 Fluminense
95%
2012 Fluminense
95%
1975 Internacional
95%
1976 Internacional
95%
1979 Internacional
95%
2001 Athletico Paranaense
89%
1987 Sport Recife
88%
1985 Coritiba
86%
1978 Guarani
77%
Nenhum quiz correspondente encontrado
Distribuição das Pontuações
Porcentagem de Pessoas com Cada Pontuação
Percentil de Números Respondidos
Sua Pontuação Histórica
Você não jogou esse quiz desde o último reset